| 000 | 00950nam a2200217 4500 | ||
|---|---|---|---|
| 001 | 137439 | ||
| 003 | ES-MaACL | ||
| 005 | 20230906195355.0 | ||
| 007 | t| | ||
| 008 | 070214m19411950sp r ||||1| spa d | ||
| 100 | 1 |
_aSánchez Alonso, Benito. _9102446 |
|
| 245 | 1 | 0 |
_aHistoria de la historiografía española _b: ensayo de un examen de conjunto / _cBenito Sánchez Alonso. |
| 260 |
_aMadrid : _bConsejo Superior de Investigaciones Científicas, _c1941-1950. |
||
| 300 |
_a3 v. ; _c20 cm. |
||
| 505 | 8 | _aContiene: Vol. I. Hasta la publicación de la Crónica de Ocampo ( -1543). Vol. II. De Ocampo a Solís (1543-1648) Vol. III. De Solís al final del siglo XVIII | |
| 710 | 2 |
_aConsejo Superior de Investigaciones Científicas (España) _93236 |
|
| 740 | 0 | _aHasta la publicación de la Crónica de Ocampo ( -1543) | |
| 740 | 0 | _aDe Ocampo a Solís (1543-1648) | |
| 740 | 0 | _aDe Solís al final del siglo XVIII. | |
| 852 |
_aES-MaACL _jD-5483-85 |
||
| 999 |
_c137439 _d137439 |
||